000 00327nam a22001337a 4500
008 180924b xxu||||| |||| 00| 0 eng d
020 _a9780534346683
041 _aeng
080 _25th
_a370
100 _a25
101 _aEDU
245 _aCareer Counseling applied concepts of life planning
_cZunker,V.G
942 _2udc
_cBK
999 _c48368
_d48368